| 000 | 01246nmm a2200409 a 4500 | ||
|---|---|---|---|
| 003 | AR-BaBNM | ||
| 005 | 20251128204853.0 | ||
| 008 | 246019s1994 ||||||||||||||000 | spa|| | ||
| 020 | _a0-8133-8804-X | ||
| 040 | _cAR-BaBNM | ||
| 245 | 1 | 0 |
_aOld nations, new world _bconceptions of world order |
| 260 |
_aColorado _bWestview Press _c1994 |
||
| 300 | 0 | _a235 p. | |
| 500 | 0 | _aContiene índice de nombres y materias en p. 231 | |
| 500 | 0 | _aInformación sobre el editor y los colaboradores en p. 227 | |
| 650 | 4 | _aSISTEMAS ECONOMICOS INTERNACIONALES | |
| 650 | 4 | _aCOMUNISMO | |
| 650 | 4 | _aARMONIA INTERNACIONAL | |
| 650 | 4 | _aCONFLICTO INTERNACIONAL | |
| 650 | 4 | _aTEORIA POLITICA | |
| 650 | 4 | _aCIENCIAS POLITICAS | |
| 650 | 4 | _aDOCTRINAS POLITICAS | |
| 650 | 4 | _aLIBERALISMO | |
| 650 | 4 | _aSOCIALISMO | |
| 650 | 4 | _aNACIONALISMO | |
| 650 | 4 | _aPOLITICA INTERNACIONAL | |
| 650 | 4 | _aCOOPERACION INTERNACIONAL | |
| 653 | 0 | _aNEOLIBERALISMO | |
| 700 | 1 |
_aJacobson, David _eeditor |
|
| 700 | 1 |
_aRozman, Gilbert _ecolaborador |
|
| 700 | 1 |
_aKim, Samuel _ecolaborador |
|
| 700 | 1 |
_aChiu, Stephen _ecolaborador |
|
| 700 | 1 |
_aAronson, Shlomo _ecolaborador |
|
| 700 | 1 |
_aThomas, George M. _ecolaborador |
|
| 942 | _cBK | ||
| 998 | _cMARTIN | ||
| 999 |
_c9127 _d9127 |
||